Varriaciones
Saved in:
| Main Author: | |
|---|---|
| Format: | Book |
| Language: | Spanish |
| Published: |
Buenos Aires :
Correo latino,
1991
|
| Subjects: |
| LEADER | 00498nam#a2200205#a#4500 | ||
|---|---|---|---|
| 001 | 003518 | ||
| 005 | 20160721142836.0 | ||
| 008 | 960920s1991####ag##################spa#d | ||
| 020 | |a 9509980625 | ||
| 040 | |a AR-beUNQ | ||
| 099 | |a 35-G11 | ||
| 100 | 1 | |a García, Raúl | |
| 245 | 0 | 2 | |a Varriaciones |c Raúl García. |
| 260 | |a Buenos Aires : |b Correo latino, |c 1991 | ||
| 300 | |a 46 p | ||
| 650 | 7 | |a POESIA |2 Spines | |
| 650 | 7 | |a LITERATURA (ARTE) |2 Spines | |
| 929 | |j 18885 | ||
| 942 | |c LIB |n 0 | ||
| 999 | |c 6294 |d 81681 | ||